[Event "Muensterland Verbandsliga 2526"]
[Site "Germany"]
[Date "2025.11.15"]
[Round "3"]
[Board "3"]
[White "Hanewinkel, Winfried"]
[Black "Moor, Daniel"]
[Result "1/2-1/2"]
[WhiteElo "1851"]
[BlackElo "1862"]
[WhiteFideId "-1"]
[BlackFideId "-1"]
[PlyCount "51"]
[GameId "2249578627768612"]
[EventDate "2025.??.??"]
[EventType "team-tourn"]
[EventRounds "9"]
[EventCountry "GER"]
[SourceTitle "Verband Muensterland"]
[SourceDate "2025.11.13"]
[SourceVersion "1"]
[SourceVersionDate "2025.11.13"]
[SourceQuality "1"]
[WhiteTeam "Beelen"]
[BlackTeam "Ochtrup"]
[WhiteTeamCountry "GER"]
[BlackTeamCountry "GER"]

1. d4 Nf6 2. c4 e5 3. dxe5 Ng4 4. Bf4 Nc6 5. Nf3 Bb4+ 6. Nbd2 Qe7 7. a3 Ngxe5 8. e3 Nxf3+ 9. gxf3 Bxd2+ 10. Qxd2 d6 11. Be2 Be6 12. Qc3 f6 13. Bg3 a5 14. h4 O-O 15. O-O Bf7 16. f4 Rfe8 17. Bf3 a4 18. Bd5 Na5 19. Rad1 Nb3 20. Bxb7 Ra5 21. Bd5 Bxd5 22. Rxd5 Rxd5 23. cxd5 Nc5 24. Re1 Qe4 25. Rd1 Qf3 26. Rd4 1/2-1/2

[Event "Muensterland Verbandsliga 2526"]
[Site "Germany"]
[Date "2025.11.15"]
[Round "3"]
[Board "4"]
[White "Jacob, Helmut"]
[Black "Gaebler, Marcel"]
[Result "1/2-1/2"]
[WhiteElo "1920"]
[BlackElo "1726"]
[WhiteFideId "-1"]
[BlackFideId "-1"]
[PlyCount "132"]
[GameId "2249578627768614"]
[EventDate "2025.??.??"]
[EventType "team-tourn"]
[EventRounds "9"]
[EventCountry "GER"]
[SourceTitle "Verband Muensterland"]
[SourceDate "2025.11.13"]
[SourceVersion "1"]
[SourceVersionDate "2025.11.13"]
[SourceQuality "1"]
[WhiteTeam "Ochtrup"]
[BlackTeam "Beelen"]
[WhiteTeamCountry "GER"]
[BlackTeamCountry "GER"]

1. e4 c5 2. d3 Nc6 3. f4 d6 4. Nf3 Bg4 5. c3 Nf6 6. Be2 e6 7. h3 Bxf3 8. Bxf3 Qb6 9. Qe2 Be7 10. Be3 Nd7 11. O-O O-O 12. Na3 Qc7 13. g3 a6 14. Nc2 Rae8 15. Qg2 Nb6 16. Rad1 Na4 17. Bc1 Qb6 18. Ne3 Qc7 19. Qc2 b5 20. Qg2 b4 21. Qc2 Nb6 22. Bg2 Rd8 23. h4 d5 24. exd5 Nxd5 25. Nxd5 exd5 26. Bf3 Bf6 27. cxb4 Bd4+ 28. Kg2 cxb4 29. Qb3 Qd6 30. Rde1 Bc5 31. Qd1 Nd4 32. Be3 Nxf3 33. Qxf3 d4 34. Bd2 Rfe8 35. Re4 Rxe4 36. Qxe4 Qd5 37. Qxd5 Rxd5 38. Re1 Kf8 39. Re5 Rxe5 40. fxe5 Ke7 41. Kf3 Ke6 42. Ke4 h5 43. Be1 f6 44. exf6 gxf6 45. Bf2 f5+ 46. Kf4 Kf6 47. b3 Bd6+ 48. Kf3 Ke5 49. Be1 a5 50. Bd2 Ke6 51. Bg5 Bc7 52. Bh6 Kf7 53. Bc1 Bd6 54. Bb2 Bc5 55. Bc1 Bd6 56. Bg5 Bc7 57. Bd2 Bd6 58. Bc1 Ke6 59. Bb2 Ke5 60. Bc1 Ke6 61. Bh6 Kf7 62. Kf2 Bc7 63. Kg2 Bd6 64. Bg5 Bc7 65. Kf3 Ke6 66. Bc1 Bd6 1/2-1/2

[Event "Muensterland Verbandsliga 2526"]
[Site "Germany"]
[Date "2025.11.15"]
[Round "3"]
[Board "5"]
[White "Austermann, Reinhold"]
[Black "Schwietering, Ralf"]
[Result "1-0"]
[WhiteElo "1786"]
[BlackElo "1774"]
[WhiteFideId "-1"]
[BlackFideId "-1"]
[PlyCount "66"]
[GameId "2249578627768616"]
[EventDate "2025.??.??"]
[EventType "team-tourn"]
[EventRounds "9"]
[EventCountry "GER"]
[SourceTitle "Verband Muensterland"]
[SourceDate "2025.11.13"]
[SourceVersion "1"]
[SourceVersionDate "2025.11.13"]
[SourceQuality "1"]
[WhiteTeam "Beelen"]
[BlackTeam "Ochtrup"]
[WhiteTeamCountry "GER"]
[BlackTeamCountry "GER"]

1. d4 Nf6 2. e3 g6 3. Bd3 Bg7 4. c3 d5 5. f4 Ne4 6. Nf3 c6 7. Nbd2 f5 8. Ne5 e6 9. Ndf3 Nd7 10. Nxd7 Bxd7 11. Bd2 c5 12. Bxe4 fxe4 13. Ne5 c4 14. Nxd7 Qxd7 15. a4 a5 16. b3 b5 17. axb5 Qxb5 18. bxc4 Qxc4 19. Qa4+ Kf7 20. Qxc4 dxc4 21. Ra4 Rhc8 22. Ke2 Bf6 23. Rb1 Bd8 24. Rb7+ Kf6 25. Rxh7 Be7 26. g4 Rc7 27. g5+ Kf5 28. h3 Bd6 29. Rxc7 Bxc7 30. Rxc4 a4 31. Rxc7 e5 32. Rc6 exf4 33. exf4 e3 1-0

[Event "Muensterland Verbandsliga 2526"]
[Site "Germany"]
[Date "2025.11.15"]
[Round "3"]
[Board "6"]
[White "Schmerling, Janek"]
[Black "Hofene, Markus"]
[Result "1-0"]
[WhiteElo "1732"]
[BlackElo "1659"]
[WhiteFideId "-1"]
[BlackFideId "-1"]
[PlyCount "89"]
[GameId "2249578627768618"]
[EventDate "2025.??.??"]
[EventType "team-tourn"]
[EventRounds "9"]
[EventCountry "GER"]
[SourceTitle "Verband Muensterland"]
[SourceDate "2025.11.13"]
[SourceVersion "1"]
[SourceVersionDate "2025.11.13"]
[SourceQuality "1"]
[WhiteTeam "Ochtrup"]
[BlackTeam "Beelen"]
[WhiteTeamCountry "GER"]
[BlackTeamCountry "GER"]

1. e4 c6 2. d4 d5 3. Nc3 dxe4 4. Nxe4 Nf6 5. Nxf6+ exf6 6. Nf3 Bd6 7. Be2 O-O 8. O-O Be6 9. Be3 Nd7 10. c4 Bc7 11. a4 Qe7 12. Qb3 b6 13. Rfd1 Bg4 14. h3 Bh5 15. Rac1 f5 16. Rc2 f6 17. d5 cxd5 18. cxd5 Bd6 19. Nd4 Nc5 20. Qb5 Qe5 21. g3 Bxe2 22. Rxe2 Qe8 23. Nxf5 Qxb5 24. axb5 Rfd8 25. Nxd6 Rxd6 26. b4 Nb7 27. Bf4 Rd7 28. Rc2 Rad8 29. Rc7 g5 30. Rxd7 Rxd7 31. Bb8 Nd6 32. Bxd6 Rxd6 33. Kg2 Kf7 34. f4 Kg6 35. Kf3 h6 36. Ke4 Rd8 37. d6 Kf7 38. Kd5 gxf4 39. gxf4 h5 40. Kc6 Ke6 41. Kc7 Rd7+ 42. Kc6 Rd8 43. d7 Ke7 44. Re1+ Kf7 45. Kc7 1-0

[Event "Muensterland Verbandsliga 2526"]
[Site "Germany"]
[Date "2025.11.15"]
[Round "3"]
[Board "7"]
[White "Henke, Wolfgang"]
[Black "Holtmannspoetter, Thomas"]
[Result "0-1"]
[WhiteElo "1680"]
[BlackElo "1738"]
[WhiteFideId "-1"]
[BlackFideId "-1"]
[PlyCount "108"]
[GameId "2249578627768620"]
[EventDate "2025.??.??"]
[EventType "team-tourn"]
[EventRounds "9"]
[EventCountry "GER"]
[SourceTitle "Verband Muensterland"]
[SourceDate "2025.11.13"]
[SourceVersion "1"]
[SourceVersionDate "2025.11.13"]
[SourceQuality "1"]
[WhiteTeam "Beelen"]
[BlackTeam "Ochtrup"]
[WhiteTeamCountry "GER"]
[BlackTeamCountry "GER"]

1. e4 c5 2. c3 d5 3. exd5 Qxd5 4. d4 Nc6 5. Nf3 cxd4 6. cxd4 Bg4 7. Be2 Nf6 8. Nc3 Qa5 9. d5 Rd8 10. Qb3 Nxd5 11. Bd2 Qb6 12. Qc4 Nf6 13. Na4 Qc7 14. Bc3 Be6 15. Qh4 Nd5 16. Bd2 g6 17. Nc5 Bf5 18. Nd4 Nxd4 19. Qxd4 e5 20. Qa4+ Ke7 21. Rc1 Nb6 22. Qh4+ f6 23. Ne4 Qd7 24. Bb4+ Kf7 25. Bc3 Bxe4 26. Qxe4 Bh6 27. Rd1 Qc7 28. O-O Rhe8 29. Bf3 Rxd1 30. Rxd1 Re7 31. Qh4 Kg7 32. g3 a6 33. Kg2 Nc4 34. Be2 Nd6 35. Qb4 Nf5 36. Bf3 b6 37. Be4 a5 38. Qa3 Rf7 39. Qb3 Nd6 40. Bd5 Re7 41. Qa4 Rd7 42. Qg4 Re7 43. Qa4 Nb7 44. Qg4 Nc5 45. h4 f5 46. Qc4 Kf8 47. a3 e4 48. Bd4 Nd3 49. Qxc7 Rxc7 50. Bxb6 Rc2 51. b4 axb4 52. axb4 Nxf2 53. Bxf2 e3 54. Bf3 Rxf2+ 0-1

[Event "Muensterland Verbandsliga 2526"]
[Site "Germany"]
[Date "2025.11.15"]
[Round "3"]
[Board "8"]
[White "Kaiser, Guenter1"]
[Black "Radinger, Rudolf"]
[Result "0-1"]
[WhiteElo "1584"]
[BlackElo "1573"]
[WhiteFideId "-1"]
[BlackFideId "-1"]
[PlyCount "72"]
[GameId "2249578627768622"]
[EventDate "2025.??.??"]
[EventType "team-tourn"]
[EventRounds "9"]
[EventCountry "GER"]
[SourceTitle "Verband Muensterland"]
[SourceDate "2025.11.13"]
[SourceVersion "1"]
[SourceVersionDate "2025.11.13"]
[SourceQuality "1"]
[WhiteTeam "Ochtrup"]
[BlackTeam "Beelen"]
[WhiteTeamCountry "GER"]
[BlackTeamCountry "GER"]

1. e4 c5 2. Nf3 Nf6 3. Nc3 d6 4. d4 cxd4 5. Nxd4 a6 6. Bg5 e6 7. f4 Be7 8. Qf3 Nbd7 9. O-O-O Qc7 10. g4 Rb8 11. Bxf6 gxf6 12. Bg2 b5 13. f5 Ne5 14. Qg3 b4 15. Nce2 Nc4 16. fxe6 fxe6 17. Nf4 Kf7 18. Rhf1 Bd7 19. Qh4 Qc5 20. g5 Qxg5 21. Qxg5 fxg5 22. Nfxe6+ Kg6 23. Bh3 Bxe6 24. Nxe6 Ne3 25. Bf5+ Kf6 26. Bg4+ Nxf1 27. Rxf1+ Ke5 28. Bf5 h5 29. h3 Rbg8 30. Nc7 a5 31. Nd5 Bd8 32. Kd2 g4 33. Ke3 g3 34. Nf4 Bg5 35. h4 Bxf4+ 36. Rxf4 g2 0-1

[Event "Muensterland Verbandsliga 2526"]
[Site "Germany"]
[Date "2025.12.13"]
[Round "4"]
[Board "1"]
[White "Becker, Daniel"]
[Black "Kluczka, Konrad"]
[Result "1-0"]
[WhiteElo "1825"]
[BlackElo "1809"]
[WhiteFideId "-1"]
[BlackFideId "-1"]
[PlyCount "38"]
[GameId "2255797223342368"]
[EventDate "2025.??.??"]
[EventType "team-tourn"]
[EventRounds "9"]
[EventCountry "GER"]
[SourceTitle "Verband Muensterland"]
[SourceDate "2025.11.13"]
[SourceVersion "1"]
[SourceVersionDate "2025.11.13"]
[SourceQuality "1"]
[WhiteTeam "Nienberge II"]
[BlackTeam "Muenster Indische Dame"]
[WhiteTeamCountry "GER"]
[BlackTeamCountry "GER"]

1. e4 e5 2. Nc3 Nc6 3. Bc4 Nf6 4. d3 Be7 5. f4 d6 6. Nf3 Bg4 7. h3 Bxf3 8. Qxf3 Qd7 9. Be3 h5 10. O-O-O exf4 11. Qxf4 Ne5 12. Bb3 Ng6 13. Qf2 a6 14. Nd5 O-O 15. Rdf1 Nxd5 16. Bxd5 Bf6 17. Qg3 Kh7 18. Rf5 c6 19. Rxh5+ Kg8 1-0

[Event "Muensterland Verbandsliga 2526"]
[Site "Germany"]
[Date "2025.12.13"]
[Round "4"]
[Board "2"]
[White "Frie, Michael"]
[Black "Bahr, Maximilian"]
[Result "1/2-1/2"]
[WhiteElo "1858"]
[BlackElo "1772"]
[WhiteFideId "-1"]
[BlackFideId "-1"]
[PlyCount "51"]
[GameId "2255797223342370"]
[EventDate "2025.??.??"]
[EventType "team-tourn"]
[EventRounds "9"]
[EventCountry "GER"]
[SourceTitle "Verband Muensterland"]
[SourceDate "2025.11.13"]
[SourceVersion "1"]
[SourceVersionDate "2025.11.13"]
[SourceQuality "1"]
[WhiteTeam "Muenster Indische Dame"]
[BlackTeam "Nienberge II"]
[WhiteTeamCountry "GER"]
[BlackTeamCountry "GER"]

1. e4 e6 2. d4 d5 3. Nc3 Bb4 4. exd5 exd5 5. Bd3 c6 6. Nge2 Ne7 7. O-O O-O 8. Ng3 Nd7 9. Re1 Ng6 10. Be3 Nf6 11. h3 Qc7 12. Qd2 Bd6 13. Nce2 Re8 14. Nf5 Bf8 15. f3 Be6 16. Bf2 Ne7 17. Nxe7+ Bxe7 18. c3 Bd6 19. g4 h6 20. Kg2 Nh7 21. Bg3 Re7 22. Bxd6 Qxd6 23. Ng3 Rae8 24. Re2 Bd7 25. Rae1 Ng5 26. Rxe7 1/2-1/2

[Event "Muensterland Verbandsliga 2526"]
[Site "Germany"]
[Date "2025.12.13"]
[Round "4"]
[Board "3"]
[White "Althoff, Franz"]
[Black "Diersen, Joerg"]
[Result "1-0"]
[WhiteElo "1967"]
[BlackElo "1795"]
[WhiteFideId "-1"]
[BlackFideId "-1"]
[PlyCount "63"]
[GameId "2255797223342372"]
[EventDate "2025.??.??"]
[EventType "team-tourn"]
[EventRounds "9"]
[EventCountry "GER"]
[SourceTitle "Verband Muensterland"]
[SourceDate "2025.11.13"]
[SourceVersion "1"]
[SourceVersionDate "2025.11.13"]
[SourceQuality "1"]
[WhiteTeam "Nienberge II"]
[BlackTeam "Muenster Indische Dame"]
[WhiteTeamCountry "GER"]
[BlackTeamCountry "GER"]

1. Nf3 c5 2. c4 Nc6 3. Nc3 g6 4. g3 Bg7 5. Bg2 Nf6 6. O-O O-O 7. d4 cxd4 8. Nxd4 a6 9. Nc2 d6 10. e4 Ng4 11. h3 Nge5 12. Qe2 e6 13. f4 Nd7 14. Be3 Qe7 15. Qd2 Rd8 16. Rad1 Bf8 17. f5 Nce5 18. b3 Nf6 19. fxg6 Bg7 20. gxf7+ Qxf7 21. c5 d5 22. Bf4 Qh5 23. Qe3 Nfg4 24. Qe2 Bd7 25. exd5 exd5 26. Rxd5 Bc6 27. hxg4 Qxg4 28. Qxg4 Nxg4 29. Rxd8+ Rxd8 30. Ne4 Re8 31. Re1 Bxe4 32. Bxe4 1-0

[Event "Muensterland Verbandsliga 2526"]
[Site "Germany"]
[Date "2025.12.13"]
[Round "4"]
[Board "4"]
[White "Brambrink, Ulf"]
[Black "Van de Vyle, Jan"]
[Result "1/2-1/2"]
[WhiteElo "1790"]
[BlackElo "1792"]
[WhiteFideId "-1"]
[BlackFideId "-1"]
[PlyCount "92"]
[GameId "2255797223342374"]
[EventDate "2025.??.??"]
[EventType "team-tourn"]
[EventRounds "9"]
[EventCountry "GER"]
[SourceTitle "Verband Muensterland"]
[SourceDate "2025.11.13"]
[SourceVersion "1"]
[SourceVersionDate "2025.11.13"]
[SourceQuality "1"]
[WhiteTeam "Muenster Indische Dame"]
[BlackTeam "Nienberge II"]
[WhiteTeamCountry "GER"]
[BlackTeamCountry "GER"]

1. e4 e5 2. Nc3 Nc6 3. Nf3 Bc5 4. Nxe5 Nxe5 5. d4 Bd6 6. dxe5 Bxe5 7. Qd3 d6 8. g3 Ne7 9. Bg2 O-O 10. O-O g6 11. Bg5 Bg7 12. Rab1 Qd7 13. Bxe7 Qxe7 14. Nd5 Qd8 15. c4 Be6 16. b3 Qd7 17. Rfd1 f5 18. Nf4 fxe4 19. Bxe4 Bf5 20. Qd5+ Kh8 21. Bxf5 Qxf5 22. Qxf5 Rxf5 23. Ne6 Rf7 24. Re1 Bf6 25. Re4 Kg8 26. Rbe1 Bc3 27. R1e2 Bf6 28. h4 Re7 29. Kg2 Rc8 30. Kf3 Be5 31. Nf4 Rf7 32. Kg2 c6 33. Nd3 Re7 34. Nxe5 dxe5 35. f4 Kf7 36. Rxe5 Rxe5 37. fxe5 Ke6 38. g4 Rd8 39. Kf3 Rd3+ 40. Kg2 Rd4 41. Kf3 Rd3+ 42. Kf4 Rd4+ 43. Kg5 h6+ 44. Kxg6 Rxg4+ 45. Kxh6 Rxh4+ 46. Kg5 Rh1 1/2-1/2

[Event "Muensterland Verbandsliga 2526"]
[Site "Germany"]
[Date "2025.12.13"]
[Round "4"]
[Board "5"]
[White "Vormann, Karlheinz"]
[Black "Knispel Roth, Martin"]
[Result "1-0"]
[WhiteElo "1881"]
[BlackElo "1796"]
[WhiteFideId "-1"]
[BlackFideId "-1"]
[PlyCount "95"]
[GameId "2255797223342376"]
[EventDate "2025.??.??"]
[EventType "team-tourn"]
[EventRounds "9"]
[EventCountry "GER"]
[SourceTitle "Verband Muensterland"]
[SourceDate "2025.11.13"]
[SourceVersion "1"]
[SourceVersionDate "2025.11.13"]
[SourceQuality "1"]
[WhiteTeam "Nienberge II"]
[BlackTeam "Muenster Indische Dame"]
[WhiteTeamCountry "GER"]
[BlackTeamCountry "GER"]

1. d4 Nf6 2. Nc3 e6 3. e4 d5 4. Bg5 Be7 5. e5 Nfd7 6. h4 a6 7. Nf3 c5 8. Ne2 Nc6 9. c3 h6 10. Be3 Qb6 11. Qd2 cxd4 12. cxd4 Ndb8 13. Nc3 Bd7 14. Bd3 Na7 15. O-O Bb5 16. Rfc1 Nd7 17. Rc2 Nc6 18. Nxb5 axb5 19. a3 b4 20. Qc1 bxa3 21. bxa3 Ndb8 22. Rb2 Qc7 23. Rb3 Kd7 24. Qb2 Ra7 25. Bd2 Rc8 26. Rb1 Ke8 27. a4 Nd8 28. a5 Nbc6 29. Rc1 Rca8 30. Qc2 Kf8 31. Bb5 Rxa5 32. Qh7 Ke8 33. Bxa5 Rxa5 34. Qxg7 Bf8 35. Qh7 Qe7 36. Qc2 Ra3 37. Qb2 Rxb3 38. Qxb3 f6 39. Qd3 Qg7 40. exf6 Qxf6 41. Ne5 Bd6 42. Nxc6 bxc6 43. Bxc6+ Ke7 44. Qh7+ Nf7 45. Rb1 Bc7 46. Qg8 Kd6 47. Qe8 Qf4 48. Qd7# 1-0

[Event "Muensterland Verbandsliga 2526"]
[Site "Germany"]
[Date "2025.12.13"]
[Round "4"]
[Board "7"]
[White "Hirschmueller, Bennet"]
[Black "Tenberge, Norbert"]
[Result "1-0"]
[WhiteElo "1715"]
[BlackElo "1702"]
[WhiteFideId "-1"]
[BlackFideId "-1"]
[PlyCount "67"]
[GameId "2255797223342380"]
[EventDate "2025.??.??"]
[EventType "team-tourn"]
[EventRounds "9"]
[EventCountry "GER"]
[SourceTitle "Verband Muensterland"]
[SourceDate "2025.11.13"]
[SourceVersion "1"]
[SourceVersionDate "2025.11.13"]
[SourceQuality "1"]
[WhiteTeam "Nienberge II"]
[BlackTeam "Muenster Indische Dame"]
[WhiteTeamCountry "GER"]
[BlackTeamCountry "GER"]

1. e4 e5 2. Nf3 Nf6 3. Nxe5 d6 4. Nf3 Nxe4 5. d4 d5 6. Bd3 Bd6 7. c4 c6 8. Qc2 f5 9. Nc3 Be6 10. O-O O-O 11. cxd5 cxd5 12. Nb5 Nc6 13. Nxd6 Qxd6 14. a3 Na5 15. Ne5 Nc6 16. Bf4 Rfc8 17. Nxc6 Qxc6 18. Qe2 g6 19. f3 Nf6 20. Rfe1 Bd7 21. Qf2 Re8 22. Be5 Re7 23. Rac1 Qb6 24. Qh4 Rf8 25. Kh1 a6 26. Rc2 Ref7 27. Qg5 Bb5 28. Bxf5 Nd7 29. Bg4 Nxe5 30. Qxe5 Re8 31. Be6 Rxe6 32. Qxe6 Qxe6 33. Rxe6 Bc4 34. Rc3 1-0

[Event "Muensterland Verbandsliga 2526"]
[Site "Germany"]
[Date "2025.12.13"]
[Round "4"]
[Board "8"]
[White "Ennen, Joerg"]
[Black "Wetterau, Georg"]
[Result "1/2-1/2"]
[WhiteElo "1614"]
[BlackElo "1820"]
[WhiteFideId "-1"]
[BlackFideId "-1"]
[PlyCount "38"]
[GameId "2255797223342382"]
[EventDate "2025.??.??"]
[EventType "team-tourn"]
[EventRounds "9"]
[EventCountry "GER"]
[SourceTitle "Verband Muensterland"]
[SourceDate "2025.11.13"]
[SourceVersion "1"]
[SourceVersionDate "2025.11.13"]
[SourceQuality "1"]
[WhiteTeam "Muenster Indische Dame"]
[BlackTeam "Nienberge II"]
[WhiteTeamCountry "GER"]
[BlackTeamCountry "GER"]

1. c4 Nf6 2. Nc3 g6 3. g3 Bg7 4. Bg2 O-O 5. Nf3 c6 6. O-O d5 7. cxd5 cxd5 8. d4 Ne4 9. Qb3 Nxc3 10. Qxc3 Nd7 11. Bf4 Nb6 12. b3 Bf5 13. Rac1 Rc8 14. Qb2 Qd7 15. Ne5 Qe6 16. a4 a5 17. Qd2 f6 18. Nd3 Rxc1 19. Rxc1 Bxd3 1/2-1/2

[Event "Muensterland Verbandsliga 2526"]
[Site "Germany"]
[Date "2025.12.13"]
[Round "4"]
[Board "1"]
[White "Loedding, Detlef"]
[Black "Weist, Thorsten"]
[Result "1-0"]
[WhiteElo "1860"]
[BlackElo "1734"]
[WhiteFideId "-1"]
[BlackFideId "-1"]
[PlyCount "58"]
[GameId "2255797310272205"]
[EventDate "2025.??.??"]
[EventType "team-tourn"]
[EventRounds "9"]
[EventCountry "GER"]
[SourceTitle "Verband Muensterland"]
[SourceDate "2025.11.13"]
[SourceVersion "1"]
[SourceVersionDate "2025.11.13"]
[SourceQuality "1"]
[WhiteTeam "Duelmen"]
[BlackTeam "Emsdetten Rochade II"]
[WhiteTeamCountry "GER"]
[BlackTeamCountry "GER"]

1. e4 c5 2. Nf3 a6 3. c3 d5 4. exd5 Qxd5 5. d4 e6 6. Be3 cxd4 7. cxd4 Nc6 8. Nc3 Qd8 9. Be2 Nf6 10. O-O Be7 11. Ne5 Bd7 12. Bf3 Rc8 13. Nxd7 Qxd7 14. d5 Ne5 15. dxe6 Nxf3+ 16. Qxf3 fxe6 17. Rfd1 Qc6 18. Qh3 O-O 19. Ne2 e5 20. Rac1 Qe8 21. Qe6+ Qf7 22. Qxc8 Rxc8 23. Rxc8+ Ne8 24. Nc3 Qh5 25. Rd7 Kf8 26. Rxb7 Qg4 27. Rbb8 Bb4 28. Rxe8+ Kf7 29. h3 Qh5 1-0

[Event "Muensterland Verbandsliga 2526"]
[Site "Germany"]
[Date "2025.12.13"]
[Round "4"]
[Board "2"]
[White "Noering, Andreas"]
[Black "Dieckerhoff, Stefan"]
[Result "0-1"]
[WhiteElo "1802"]
[BlackElo "1767"]
[WhiteFideId "-1"]
[BlackFideId "-1"]
[PlyCount "54"]
[GameId "2255797310272207"]
[EventDate "2025.??.??"]
[EventType "team-tourn"]
[EventRounds "9"]
[EventCountry "GER"]
[SourceTitle "Verband Muensterland"]
[SourceDate "2025.11.13"]
[SourceVersion "1"]
[SourceVersionDate "2025.11.13"]
[SourceQuality "1"]
[WhiteTeam "Emsdetten Rochade II"]
[BlackTeam "Duelmen"]
[WhiteTeamCountry "GER"]
[BlackTeamCountry "GER"]

1. e4 c5 2. Nf3 d6 3. d4 cxd4 4. Nxd4 Nf6 5. Nc3 a6 6. Be2 e5 7. Nb3 Be6 8. Be3 Be7 9. O-O b5 10. a3 O-O 11. f3 Nbd7 12. Qd2 Nb6 13. Na5 Qc7 14. Rfd1 Rfd8 15. Qe1 d5 16. exd5 Nbxd5 17. Nxd5 Nxd5 18. Bf2 Nf4 19. b4 Qxc2 20. Bf1 Bf6 21. Rac1 Qg6 22. g3 Nd3 23. Bxd3 Rxd3 24. Rxd3 Qxd3 25. Rc3 Qd7 26. Qc1 Rd8 27. Kg2 Bh3+ 0-1

[Event "Muensterland Verbandsliga 2526"]
[Site "Germany"]
[Date "2025.12.13"]
[Round "4"]
[Board "3"]
[White "Rebber, Christian"]
[Black "Lehmann, Mona"]
[Result "1-0"]
[WhiteElo "1799"]
[BlackElo "1869"]
[WhiteFideId "-1"]
[BlackFideId "-1"]
[PlyCount "65"]
[GameId "2255797310272209"]
[EventDate "2025.??.??"]
[EventType "team-tourn"]
[EventRounds "9"]
[EventCountry "GER"]
[SourceTitle "Verband Muensterland"]
[SourceDate "2025.11.13"]
[SourceVersion "1"]
[SourceVersionDate "2025.11.13"]
[SourceQuality "1"]
[WhiteTeam "Duelmen"]
[BlackTeam "Emsdetten Rochade II"]
[WhiteTeamCountry "GER"]
[BlackTeamCountry "GER"]

1. e4 c5 2. Nc3 a6 3. a4 Nc6 4. f4 e6 5. Bc4 d6 6. Nf3 Qc7 7. d3 Nf6 8. O-O Be7 9. Qe1 Nb4 10. Bb3 d5 11. e5 Nd7 12. Na2 Nxa2 13. Bxa2 b6 14. f5 h6 15. Qg3 Bg5 16. Bxg5 hxg5 17. fxe6 fxe6 18. Qxg5 Nf8 19. Rae1 Ra7 20. Qg4 Qd8 21. Ng5 Re7 22. Qf3 Rg8 23. Nf7 Qc7 24. Nd6+ Kd8 25. Qxf8+ Rxf8 26. Rxf8+ Kd7 27. Rxc8 Qa7 28. Rf1 b5 29. c3 bxa4 30. Rff8 Qb6 31. Rb8 Qa5 32. Rb7+ Kc6 33. Rc8+ 1-0

[Event "Muensterland Verbandsliga 2526"]
[Site "Germany"]
[Date "2025.12.13"]
[Round "4"]
[Board "4"]
[White "Luecke, Thomas"]
[Black "Gehlen, Horst"]
[Result "1-0"]
[WhiteElo "1883"]
[BlackElo "1601"]
[WhiteFideId "-1"]
[BlackFideId "-1"]
[PlyCount "37"]
[GameId "2255797310272211"]
[EventDate "2025.??.??"]
[EventType "team-tourn"]
[EventRounds "9"]
[EventCountry "GER"]
[SourceTitle "Verband Muensterland"]
[SourceDate "2025.11.13"]
[SourceVersion "1"]
[SourceVersionDate "2025.11.13"]
[SourceQuality "1"]
[WhiteTeam "Emsdetten Rochade II"]
[BlackTeam "Duelmen"]
[WhiteTeamCountry "GER"]
[BlackTeamCountry "GER"]

1. d4 d5 2. Nc3 Bf5 3. Bf4 c6 4. f3 h5 5. e4 dxe4 6. fxe4 Bg6 7. Nf3 Nf6 8. Bd3 e6 9. O-O Nbd7 10. e5 Bxd3 11. Qxd3 Nd5 12. Nxd5 cxd5 13. Ng5 Be7 14. Nxe6 Qb6 15. Nxg7+ Kd8 16. Nf5 Qe6 17. Nxe7 Qxe7 18. Qb5 Nb6 19. a4 1-0

[Event "Muensterland Verbandsliga 2526"]
[Site "Germany"]
[Date "2025.12.13"]
[Round "4"]
[Board "5"]
[White "Sindermann, Erwin"]
[Black "Fuhrmann, Andreas"]
[Result "1-0"]
[WhiteElo "1769"]
[BlackElo "1746"]
[WhiteFideId "-1"]
[BlackFideId "-1"]
[PlyCount "91"]
[GameId "2255797310284501"]
[EventDate "2025.??.??"]
[EventType "team-tourn"]
[EventRounds "9"]
[EventCountry "GER"]
[SourceTitle "Verband Muensterland"]
[SourceDate "2025.11.13"]
[SourceVersion "1"]
[SourceVersionDate "2025.11.13"]
[SourceQuality "1"]
[WhiteTeam "Duelmen"]
[BlackTeam "Emsdetten Rochade II"]
[WhiteTeamCountry "GER"]
[BlackTeamCountry "GER"]

1. e4 e6 2. b3 d5 3. Bb2 d4 4. Nf3 c5 5. Bb5+ Bd7 6. Qe2 a6 7. Bxd7+ Nxd7 8. e5 Ne7 9. Qe4 Qc7 10. c3 Nc6 11. cxd4 cxd4 12. O-O Nc5 13. Qg4 h5 14. Qg3 O-O-O 15. Na3 Nd3 16. Nc4 Nxb2 17. Nxb2 Kb8 18. a3 Rd5 19. Nd3 f6 20. Nf4 Rxe5 21. Nxe5 Nxe5 22. Nxe6 Qf7 23. Nxf8 Qxf8 24. b4 h4 25. Qh3 g5 26. f4 g4 27. Qb3 Nc6 28. b5 axb5 29. Qxb5 Qd6 30. Rab1 Qd7 31. Rfc1 Rc8 32. a4 h3 33. g3 d3 34. Rc4 Rc7 35. a5 Qe6 36. Qc5 Qe2 37. Qf2 Qe6 38. Rbc1 Qd5 39. a6 b5 40. Rc5 Qe4 41. Rxb5+ Kc8 42. Rbc5 Kd7 43. R1c4 Qe6 44. Rc1 Qd6 45. a7 Rxa7 46. Rxc6 1-0